00373 2200157 4500001002100000005001500021035002000036245003400056100001500090300002600105260002800131082000800159084001400167020002200181990001200203INLIS00000000000312620251022014303 a0010-10250000301 aCinta Kamseupay /cPutra Alam0 aPutra Alam a164 hlm ;c13 x 19 cm aJakarta :bZettu,c2012 a813 a813 PUT c a978-602-18271-5-4 a0755913